000 02209nam0a2200385 4500
001 RU\NLR\BIBL_A\012338528
005 20200922112550.0
010 _a978-5-7477-5082-1
_9500
021 _aRU
_bКН-П-20-028204
_9КН-П-20-2178
035 _a(NLR Aleph) 012338528
035 _a(RuMoRGB)010338752
090 _a11508604
_c11508604
100 _a20200916d2020 k y0rusy50 ca
101 0 _arus
102 _aRU
105 _a |||z|||100zy
181 0 _ai
_baxxe
182 0 _an
200 1 _aДостижения молодых ученых: химические науки
_eтезисы докладов V Всероссийской (заочной) молодежной конференции (г. Уфа, 21-22 мая 2020 г.)
_fМинистерство науки и высшего образования РФ, Башкирский государственный университет
_g[редакционная коллегия: д-р хим. наук, проф. Р.М. Ахметханов (отв. редактор) и др.]
203 _aТекст
_bвизуальный
_cнепосредственный
210 _aУфа
_cРИЦ БашГУ
_d2020
215 _a385 с.
_cил., табл.
_d21
300 _aНа обл. подзаг.: V Всероссийская (заочная) молодежная конференция (г. Уфа, 21-22 мая 2020 г.)
320 _aБиблиогр. в конце ст.
606 1 _aХимия
_jТезисы докладов
_2nlr_sh1
_2nlr_sh2
_3RU\NLR\AUTH\666296
686 1 _aГ.я431(2)
702 1 _aАхметханов
_bР. М.
_gРинат Маснавич
_4340
711 1 2 _a"Достижения молодых ученых: химические науки", всероссийская (заочная) молодежная конференция
_d5
_f2020
_eУфа
_3RU\NLR\AUTH\880526039
712 0 2 _aБашкирский государственный университет
_cУфа
_3RU\NLR\AUTH\889921405
_4475
942 _cBOOK
980 _aNBR
980 _aNB